|
|
|
|
| LEADER |
00000ny a22000003n 4500 |
| 003 |
EbpS |
| 005 |
20110513140228.0 |
| 006 |
m d |||||| |
| 007 |
cr anunnnuuuaa |
| 008 |
990323c19999999njum p 0 eng d |
| 022 |
|
|
|a 1524-833X
|
| 035 |
|
|
|a 5115
|
| 040 |
|
|
|d vLex
|
| 050 |
0 |
0 |
|a HF5686.C8
|b A27
|
| 050 |
0 |
0 |
|a HF5686.C8
|b A27
|
| 090 |
|
|
|c 1892
|d 1892
|
| 245 |
3 |
0 |
|a Strategic finance
|h [Recurso electrn̤ico]
|
| 256 |
|
|
|a Servicio en ln̕ea
|
| 260 |
|
|
|a Montvale, NJ :
|b Institute of Management Accountants
|
| 310 |
|
|
|a Mensual
|
| 500 |
|
|
|a Latest issue consulted: v. 82, no. 6 (Dec. 2000)
|
| 506 |
1 |
|
|a Contenido solo disponible en los productos indicados
|d vLex Global
|d vLex Global (Academic Edition, excluding Law Schools)
|d vLex Global (U.S. Academic Edition, excluding Law Schools)
|
| 650 |
0 |
4 |
|a Contabilidad analt̕ica
|x Publicaciones perid̤icas
|
| 650 |
0 |
4 |
|a Finanzas
|x Publicaciones perid̤icas
|
| 710 |
2 |
|
|a Institute of Management Accountants
|
| 740 |
0 |
|
|a vLex Revista (Servicios en ln̕ea)
|
| 780 |
0 |
0 |
|t Management accounting
|x 0025-1690
|
| 843 |
|
|
|a Electrn̤ica. Abierta
|
| 853 |
|
|
|8 1
|i (year)
|j (month)
|k (day)
|
| 856 |
4 |
0 |
|z Acceso restringido
|u http://vlex.com/account/login_ip?fuente_id=5115
|
| 942 |
|
|
|c REV
|
| 999 |
|
0 |
|a Cost accounting
|v Periodicals
|
| 999 |
|
0 |
|a Finance
|v Periodicals
|
| 999 |
|
0 |
|a Managerial accounting
|v Periodicals
|